Statistics for Guess the Taylor Swift Song (no hints) 8

Click here to take the quiz!

General Stats

  • This quiz has been taken 211 times
    (6 since last reset)
  • The average score is 245 of 299

Answer Stats

Answer% Correct
a
100%
And
100%
and
100%
Baby,
100%
be
100%
I
100%
(I)
100%
I,
100%
know
100%
me,
100%
me
100%
the
100%
they
100%
They
100%
we
100%
won't
100%
all
83%
always
83%
are
83%
but
83%
can
83%
'Cause
83%
could
83%
damn
83%
ever
83%
for
83%
found
83%
foxes
83%
hide
83%
hunters,
83%
It
83%
it
83%
it's
83%
It's
83%
Let
83%
love
83%
Love's
83%
out
83%
places
83%
See
83%
take
83%
their
83%
them
83%
They'll
83%
this
83%
time
83%
to
83%
us
83%
want,
83%
we're
83%
when
83%
You
83%
you,
83%
you
83%
bulletproof
67%
chasing
67%
dark
67%
dead
67%
don't
67%
down
67%
drop
67%
everybody
67%
eyes
67%
fences
67%
finds
67%
got
67%
grab
67%
hand
67%
hear
67%
in
67%
Just
67%
lips
67%
my
67%
My
67%
night,
67%
Not
67%
of
67%
on
67%
run
67%
say
67%
ships
67%
shots,
67%
so
67%
Something
67%
tails
67%
track
67%
trying
67%
what
67%
your
67%
as
50%
boxes
50%
burn
50%
by
50%
cages,
50%
circling,
50%
clouds
50%
flame,
50%
fragile
50%
green
50%
guns
50%
happens
50%
here
50%
Lights
50%
little
50%
Loose
50%
pass
50%
plain
50%
sight
50%
sink
50%
vultures
50%
waistline
50%
whisper
50%
with
50%
bad
33%
flash
33%
scene,
33%
sign
33%
sign,
33%
stand
33%
we'll
33%

Score Distribution

Percentile by Number Answered

Percent of People with Each Score

Your Score History

You have not taken this quiz since the last reset